logo

Bir Sreshtho Munshi Abdur Rouf Library
Jhenaidah Cadet College

Quick index of medical products & problems / (Record no. 5406)

MARC details
000 -LEADER
fixed length control field 00636nam a22002417a 4500
001 - CONTROL NUMBER
JCCL Control Number 5406
003 - CONTROL NUMBER IDENTIFIER
JCCL marc code BD-JhCC
005 - DATE AND TIME OF LATEST TRANSACTION
control field 20180324102755.0
008 - FIXED-LENGTH DATA ELEMENTS--GENERAL INFORMATION
fixed length control field 171213s2007 bg a|||| ||a| 00| 0 eng d
020 ## - INTERNATIONAL STANDARD BOOK NUMBER
International Standard Book Number 9843102531
035 ## - SYSTEM CONTROL NUMBER
system control number (BD-JhCC)5406
040 ## - CATALOGING SOURCE
Original cataloging agency BD-JhCC
Modifying agency BD-JhCC
041 ## - LANGUAGE CODE
Language code of Book eng
082 ## - DEWEY DECIMAL CLASSIFICATION NUMBER
Classification number 610.3
Author mark and Year SHA 2006
100 ## - MAIN ENTRY--PERSONAL NAME
Personal name Shahidi, Ridwan Ullah
245 ## - TITLE STATEMENT
Title Quick index of medical products & problems /
Statement of responsibility, etc Ridwan Ullah Shahidi
260 ## - PUBLICATION, DISTRIBUTION, ETC. (IMPRINT)
Place of publication, distribution, etc Dhaka :
Name of publisher, distributor, etc Pacifice Pharmaceutical,
Date of publication, distribution, etc 2006.
300 ## - PHYSICAL DESCRIPTION
Pagination 652 p. :
Other physical details ills;
Dimensions 26 cm.
650 ## - SUBJECT ADDED ENTRY--TOPICAL TERM
Topical term or geographic name as entry element Medical Science
650 ## - SUBJECT ADDED ENTRY--TOPICAL TERM
Topical term or geographic name as entry element Medicine
942 ## - ADDED ENTRY ELEMENTS (KOHA)
Source of classification or shelving scheme Dewey Decimal Classification
Koha item type Books
Holdings
Source of classification or shelving scheme volume number Damaged status Not for loan Home library Current library Shelving location Cost, normal purchase price Total Checkouts Full call number Barcode Date last seen Copy number Koha item type Date of accession
Dewey Decimal Classification V-13     JCC Rouf Library JCC Rouf Library General Stacks 570.00   610.3 SHA 2006 7546 12/13/2017 C - 1 Books  
Dewey Decimal Classification V-10     JCC Rouf Library JCC Rouf Library General Stacks 270.00   610.3 SHA 2006 11191 04/05/2018 C-2 Books 04/05/2018

JCC Library | Contacts | JCC Home

Last Update on 23 September 2017
Copyright @ 2017-2020 JCC Rouf Library
Rouf Library, Jhenidah Cadet College (JCC), Bangladesh